| 000 | 00367 a2200169 4500 | ||
|---|---|---|---|
| 001 | 182251 | ||
| 020 | _a978-85-359-1406-1 | ||
| 040 | _cMagnum | ||
| 100 | _aAmado, Jorge | ||
| 240 | 1 | 0 |
_aCapitães da areia _lpor |
| 245 | 1 | 0 | _aCapitães da areia |
| 300 | _a275 | ||
| 362 | 0 | _a2009 | |
| 440 | 1 | _aCompanhia das Letras | |
| 697 | _aLITERATURA GERAL | ||
| 942 | _cBK | ||
| 999 |
_c182251 _d182251 |
||